Katastralgemeinden von Mistelbach - Statistiken

Allgemein
  • Dieses Quiz wurde 18 mal gespielt
  • Das Durchschnittsergebnis liegt bei 6 aus 10
Antworten auf der Karte
Die Antworten werden auf der Karte rot bzw. grün angezeigt, abhängig davon wie oft sie richtig erraten wurden.
 
Antwortstatistiken
Einwohner Katastralgemeinde % Korrekt
6.583 Mistelbach
100%
567 Ebendorf
60%
765 Eibesthal
60%
438 Hörersdorf
60%
525 Hüttendorf
60%
771 Lanzendorf
60%
734 Paasdorf
60%
495 Siebenhirten
60%
514 Kettlasbrunn
50%
273 Frättingsdorf
40%
Keine übereinstimmenden Quizze gefunden
Verteilung der Resultate
Anzahl Personen mit jedem Resultat
Perzentil nach korrekt beantworteten Fragen
Ihre Resultats-Entwicklung
Sie haben dieses Quiz noch nicht gespielt